Об обложении посетителей публичных зрелищ и увеселений сбором в пользу обществ Красного Креста

Доступно только в Электронных читальных залах Найти на картеНа карте
RUSMARC
00003940nac2a22002653x 450
001511bfa26-f082-4938-8f97-311f3cb10643
00520230630234425.0
100##$a20230605l19291929k y0rusy50 ca
1010#$arus
$amul
102##$aRU
105##$ay z |||||
1222#$ad19290112
$ad19290718
2001#$aОб обложении посетителей публичных зрелищ и увеселений сбором в пользу обществ Красного Креста
$j12.01.1929 - 18.07.1929
215##$a18 листов
$d36,5 х 23,4
251##$cДело
300##$aВ деле обратная нумерация
300##$aЧасть текста на языках народов СССР
300##$aЧасть текста машинописная и рукописная, часть - напечатана типографским способом
324##$aВ деле имеются копии отдельных документов
461#0$1001796d4672-8a00-4986-b488-6e42273792cc
$12001
$aЦЕНТРАЛЬНЫЙ ИСПОЛНИТЕЛЬНЫЙ КОМИТЕТ СССР (ЦИК СССР).
$1251
$cФонд
$1852
$gР
$j3316
462#0$10016e6e8ba4-e15f-4ad4-8937-f1e88c150bfe
$12001
$aДела Секретариата Президиума ЦИК Союза ССР. 1929 г.
$vД. 395
$1251
$cОпись
$1852
$j22
60101$3RU\NLR\AUTH\880357276
$aСССР
$bЦИК
801#0$aRU
$bGA_RF
801#1$aRU
$bГлавНИВЦ
$c20230605
$2rusmarc
801#2$aRU
$bПБ им. Б.Н. Ельцина
$c20230630
$gRCR
$2rusmarc
852##$aГА РФ
$j395
937##$d185909828
$hГАРФ
035##$aRuPRLIB51072250
856##$uhttp://readingroom.main.prlib.ru/item.aspx?id_node=n185909828&mode=full
Формат отображения